Bacaan Al-Quran [ 30 juzuk
| Main Author: | |
|---|---|
| Format: | Book |
| Published: |
Kuala Lumpur :
Ar-Raudhah Media ,
19-
|
| Subjects: |
MARC
| LEADER | 00000cam a2200000 7i4500 | ||
|---|---|---|---|
| 001 | 0000062610 | ||
| 005 | 20030218.0 | ||
| 090 | 0 | 0 | |a 297.1229 |b SYE |
| 100 | 0 | |a Syeikh Abd. Rahman Sudaisi | |
| 245 | 1 | 0 | |a Bacaan Al-Quran [ |h video compact disc] : |b 30 juzuk |c Syeikh Abd. Rahman Sudaisi |
| 260 | |a Kuala Lumpur : |b Ar-Raudhah Media , |c 19- | ||
| 300 | |a 17 Video compact disc (4 hours) : |b col | ||
| 500 | |a Library has 1 copy | ||
| 650 | 0 | 0 | |a Quran |x Readings |
| 650 | 0 | 0 | |a Quran |x Recitation |
| 999 | |a AV 05359 |b VIDEO COMPACT DISC |c PINJAMAN |e PERPUSTAKAAN KOMUNITI PETALING JAYA | ||